000 00422nam a2200181Ia 4500
001 14782
005 20260306164939.0
008 260306t2007||||xx |||||||||||||| ||spa||
041 _aESP
082 _a519.2
_bM88 2007
100 _aMoya Calderon, Rufino
_eAUT
245 0 _aProbabilidad e inferencia estadística
260 _c2007
300 _a
_c
650 _aGEN
654 _aCMA
942 _cLIB
_dJUS
_fJUS
_2ddc
_n
999 _c14782
_d14782